Szczegóły MARC21

Wzory i tablice statystyczne /

003 -Nazwa inst., której nr kontr. jest w polu 001 [,]
    • @
    • Nazwa instytucji, której n kontrolny jest w polu 001
    • NUKAT
005 -DATA I CZAS OSTATNIEJ MODYFIKACJI [,]
    • @
    • pole kontrolne
    • 20251007140508.0
020 -Międzynarod. znormalizowany nr książki - ISBN [ , ]
    • a
    • Numer ISBN
    • 8390701529 Find
040 -Instytucja sporządzająca opis [ , ]
    • a
    • Instytucja, która sporządziła opis (NP)
    • SZCZ M/MK
    • c
    • Instytucja, która sporządziła rekord (NP)
    • SZCZ M/MK
942 -Rodzaj dokumentu [ , ]
    • c
    • Rodzaj dokumentu
    • Książka
245 -Strefa tytułu i oznaczenia odpowiedzialności [0,0]
    • a
    • Tytuł
    • Wzory i tablice statystyczne / Find
    • c
    • Pozostałe elementy strefy tytułu i oznaczenia odpowiedzialności (NP)
    • Iwona Bąk [et al. ; red. nauk. Józef Hozer] ; Katedra Ekonometrii i Statystyki. Uniwersytet Szczeciński, Stowarzyszenie Pomoc i Rozwój.
250 -Strefa wydania [ , ]
    • a
    • Oznaczenie wydania (NP)
    • Wyd. 2 popr.
260 -Strefa adresu wydawniczego [ , ]
    • a
    • Miejsce wydania (P)
    • Szczecin :
    • b
    • Nazwa wydawcy (P)
    • Katedra Ekonometrii i Statystyki Uniwersytetu Szczecińskiego,
    • c
    • Data wydania (P)
    • 1997.
300 -Strefa opisu fizycznego [ , ]
    • a
    • Określenie formy książki i/lub objętość (NP)
    • 60, [1] s. ;
    • c
    • Format (NP)
    • 29 cm.
336 -Typ zawartości [ , ]
    • a
    • Termin opisujący typ zawartości
    • Tekst
    • b
    • Kod określający zawartość
    • txt
    • 2
    • Źródło (terminu i kodu)
    • rdacontent
337 -Typ mediów [ , ]
    • a
    • Tryb odtwarzania
    • Bez urządzenia pośredniczącego
    • b
    • Kod typu mediów
    • n
    • 2
    • Źródło (terminu i kodu)
    • rdamedia
338 -Typ/rodzaj nośnika [ , ]
    • a
    • Hasło opisujące typ nośnika
    • Wolumin
    • b
    • Kod typu nośnika
    • nc
    • 2
    • Źródło (terminu i kodu)
    • rdacarrier
504 -Uwaga dot. bibliogr. załącznikowej [ , ]
    • a
    • Uwaga dot. bibliografii załącznikowej
    • Bibliogr. s. [61].
080 -Uniwersalna Klasyfikacja Dziesiętna [ , ]
    • a
    • Symbol klasyfikacji
    • 311
    • 2
    • Identyfikator wydania tablic
    • UDC-P058
    • 9
    • UKD
    • 2718
    • b
    • Dopowiedzenie
    • Statystyka jako nauka. Teoria statystyki. Metody statystyczne.
    • 4
    • UKD2
    • 8533
    • x
    • Poddział wspólny
    • (083)
    • c
    • Dopowiedzenie poddz. wspólnego
    • (Zestawienia. Tabele. Wzory. Przepisy).
    • 4
    • UKD2
    • 7665
    • x
    • Poddział wspólny
    • (075.8)
    • c
    • Dopowiedzenie poddz. wspólnego
    • (Podręczniki dla szkół wyższych. Skrypty).
080 -Uniwersalna Klasyfikacja Dziesiętna [ , ]
    • a
    • Symbol klasyfikacji
    • 519.2
    • 2
    • Identyfikator wydania tablic
    • UDC-P058
    • 9
    • UKD
    • 4064
    • b
    • Dopowiedzenie
    • Rachunek prawdopodobieństwa. Statystyka matematyczna. Analiza statystyczna. Teoria estymacji. Rachunek wyrównawczy. Teoria błędów.
    • 4
    • UKD2
    • 8533
    • x
    • Poddział wspólny
    • (083)
    • c
    • Dopowiedzenie poddz. wspólnego
    • (Zestawienia. Tabele. Wzory. Przepisy).
    • 4
    • UKD2
    • 7665
    • x
    • Poddział wspólny
    • (075.8)
    • c
    • Dopowiedzenie poddz. wspólnego
    • (Podręczniki dla szkół wyższych. Skrypty).
650 -Hasło przedmiotowe [ ,7]
    • a
    • Hasło przedmiotowe
    • Statystyka matematyczna
    • v
    • Określnik formalny
    • tablice.
    • 2
    • Źródło terminu
    • kaba
    • 9
    • KHW
    • 365043
650 -Hasło przedmiotowe [ ,7]
    • a
    • Hasło przedmiotowe
    • Statystyka matematyczna
    • v
    • Określnik formalny
    • tabele, wykresy.
    • 2
    • Źródło terminu
    • kaba
    • 9
    • KHW
    • 365044
980 -Symbol UKD [ , ]
    • a
    • UKD
    • 311:519.2](083)(075.8)
700 -Hasło dodatkowe - nazwa osobowa [1, ]
    • a
    • Nazwa osobowa (NP)
    • Bąk, Iwona Find
    • c
    • Dopowiedzenie inne niż daty biograficzne (NP)
    • (statystyka).
    • 9
    • KHW
    • 421
700 -Hasło dodatkowe - nazwa osobowa [1, ]
    • a
    • Nazwa osobowa (NP)
    • Hozer, Józef Find
    • d
    • Daty biograficzne (NP)
    • (1948-2023).
    • e
    • Określenie rodzaju współpracy
    • Red.
    • 9
    • KHW
    • 7277
920 -ISBN [ , ]
    • a
    • ISBN
    • 83-907015-2-9 Find
Sygnatura Numer inwentarzowy Status udost. Data inwentaryzacji Lokalizacja
 S.82858-61998-10-23BE
 S.82859-31998-10-23BE
 S.82860-61998-10-23BE
 S.82861-61998-10-23BE
 S.8286221998-10-23BE
 S.84702-61999-12-23BE
 S.84703-61999-12-23BE
 S.8470421999-12-23BE
 S.84705-61999-12-23BE
 S.84706-61999-12-23BE
 S.84707-61999-12-23BE
 S.84708-61999-12-23BE
 S.84709-61999-12-23BE
 E.66570-22000-02-25BE
 S.85422-62000-02-25BE
 S.85423-62000-02-25BE
 S.85424-62000-02-25BE
 S.85425-62000-02-25BE
 S.85426-62000-02-25BE
 S.85427-62000-02-25BE
T.1542T.1542-21999-12-23T
T.1543T.1543-61999-12-23T
T.1971T.1971-32000-02-25T
T.1972T.1972-32000-02-25T
T.1973T.1973-32000-02-25T
T.1974T.1974-32000-02-25T
T.4743T.4743-62001-03-19T
T.4744T.4744-32001-03-19T
T.4745T.4745-32001-03-19T
T.4746T.4746-32001-03-19T
T.4747T.4747-62001-03-19T
T.5858T.5858-32001-11-09T
T.5859T.5859-32001-11-09T
T.5860T.5860-62001-11-09T
T.5861T.5861-62001-11-09T
T.5862T.5862-62001-11-09T
T.5863T.5863-32001-11-09T
T.5864T.5864-32001-11-09T
T.5865T.5865-62001-11-09T
T.5866T.5866-32001-11-09T
T.5867T.5867-32001-11-09T
TM.227TM.227-62002-08-12T
TM.228TM.228-32002-08-12T
TM.229TM.229-32002-08-12T
TM.344TM.344-32002-10-28T
TM.345TM.345-32002-10-28T
TM.346TM.346-62002-10-28T
TM.347TM.347-32002-10-28T
TM.348TM.348-62002-10-28T
T.7016T.7016-32002-10-28T
TM.2585TM.2585-62004-09-22T
TM.2586TM.2586-32004-09-22T
TM.2587TM.2587-32004-09-22T
TM.2588TM.2588-32004-09-22T
TM.3558TM.3558-32005-10-10T
TM.3771TM.3771-32006-02-07T
TM.3815TM.3815-62006-02-08T
TM.4071TM.4071-62006-05-30T
TM.5299TM.5299-32008-03-04T
TM.7158TM.7158-32010-05-17T
TM.8016TM.8016-32011-09-13T
TM.3772TM.3772-62006-02-07T